Loading...
| Fine Arts - Other | 0 | 5 | 1 | 2 | 45 | 94 | 116.40 | 0 | 1 | 4.80 | 22.27 |
| Fine Arts - Classical Music | 0 | 4 | 0 | 0 | 40 | 105 | 109.75 | 0 | 2 | 2.90 | 15.00 |
| Popular Culture | 0 | 2 | 0 | 1 | 20 | 103 | 110.00 | 0 | 0 | 13.77 | 21.67 |
| Social Science | 0 | 1 | 0 | 0 | 10 | 68 | 68.00 | 0 | 0 | 3.26 | 2.73 |
| Literature - European | 0 | 1 | 0 | 1 | 10 | 135 | 135.00 | 0 | 0 | 1.02 | 2.73 |
| Literature - World | 0 | 1 | 0 | 0 | 10 | 118 | 118.00 | 0 | 0 | 1.64 | 2.73 |
| Religion | 0 | 1 | 0 | 1 | 10 | 138 | 138.00 | 0 | 0 | 0.00 | 1.14 |
| Science - Biology | 0 | 1 | 0 | 0 | 10 | 115 | 115.00 | 0 | 0 | 0.00 | 0.91 |
| Science - Other | 0 | 1 | 0 | 0 | 10 | 104 | 104.00 | 0 | 1 | 1.47 | 6.82 |
| Literature - British | 0 | 1 | 1 | 1 | 5 | 93 | 93.00 | 0 | 0 | 3.18 | 6.36 |
| Literature - American | 0 | 0 | 0 | 0 | 0 | 0.00 | 0 | 0 | 0.00 | 0.00 | |
| Science - Chemistry | 0 | 0 | 1 | 0 | -5 | 0.00 | 0 | 0 | 0.00 | 0.00 |